| 000 | 00395nam a22001577a 4500 | ||
|---|---|---|---|
| 003 | OSt | ||
| 005 | 20251124161033.0 | ||
| 008 | 251124b |||||||| |||| 00| 0 eng d | ||
| 020 | _a 978-0-525-42600-4 | ||
| 040 | _cCL | ||
| 100 | _aGREEN, JOHN | ||
| 245 | _aThe fault in our stars / | ||
| 260 |
_aNew York : _bPernguin Group, _cc2012. |
||
| 300 |
_a318 pages ; _c21 cm. |
||
| 942 |
_2ddc _cFIC. _n0 |
||
| 999 |
_c6130 _d6130 |
||